[Event "VIII Iberoamericano Mexico 2022"]
[Site "Mexico City"]
[Date "2022.02.18"]
[Round "7.25"]
[White "Avila Bautista, Roberto Al"]
[Black "Sanchez Enriquez, Oscar Gerardo"]
[Result "0-1"]
[WhiteElo "2090"]
[BlackElo "2305"]
[Annotator "NA"]
[PlyCount "68"]
[EventDate "2022.02.12"]
[EventType "swiss"]
[EventCountry "MEX"]
[SourceTitle "playchess.com"]
[Source "ChessBase"]
[SourceQuality "1"]
[TimeControl "5400+30"]

1. Nf3 {[%emt 0:00:03]} g6 2. c4 {[%emt 0:01:15]} Bg7 3. Nc3 {[%emt 0:00:30]} d6 {[%emt 0:02:47]} 4. g3 {[%emt 0:00:18]} Nf6 {[%emt 0:00:51]} 5. Bg2 {[%emt 0:00:11]} O-O {[%emt 0:00:09]} 6. O-O {[%emt 0:00:11]} e5 {[%emt 0:00:05]} 7. b3 {[%emt 0:00:33]} Nh5 {[%emt 0:02:53]} 8. Bb2 {[%emt 0:07:11]} f5 {[%emt 0:04:33]} 9. e3 {[%emt 0:01:22]} c6 10. Rc1 {[%emt 0:05:27]} Re8 {[%emt 0:09:05]} 11. Qc2 {[%emt 0:05:31]} a6 12. Rfd1 {[%emt 0:08:47]} Nf6 13. Ne1 {[%emt 0:17:02]} g5 {[%emt 0:10:20]} 14. d4 {[%emt 0:01:21]} e4 {[%emt 0:02:32]} 15. b4 {[%emt 0:01:44]} d5 16. cxd5 {[%emt 0:13:35]} cxd5 {[%emt 0:01:42]} 17. Na4 {[%emt 0:00:57]} Nc6 {[%emt 0:00:20]} 18. a3 {[%emt 0:00:28]} f4 {[%emt 0:01:32]} 19. Bf1 Rf8 {[%emt 0:05:51]} 20. Qc5 {[%emt 0:13:50]} fxe3 {[%emt 0:01:32]} 21. fxe3 {[%emt 0:00:03]} Ng4 {[%emt 0:00:45]} 22. Ng2 {[%emt 0:02:00]} Be6 {[%emt 0:04:00]} 23. Be2 {[%emt 0:02:39]} Rf3 {[%emt 0:05:04]} 24. Nb6 {[%emt 0:04:34]} Bf8 {[%emt 0:00:58]} 25. Bxf3 exf3 {[%emt 0:00:30]} 26. Qc3 Qxb6 {[%emt 0:00:30]} 27. h3 Nf6 {[%emt 0:00:30]} 28. Rf1 Ne4 {[%emt 0:00:30]} 29. Qc2 fxg2 {[%emt 0:00:30]} 30. Qxg2 Bd6 {[%emt 0:00:30]} 31. Rf3 g4 {[%emt 0:00:30]} 32. hxg4 Bxg4 {[%emt 0:00:30]} 33. Rcf1 Qd8 {[%emt 0:00:30]} 34. Bc3 Qg5 {[%emt 0:00:30]} 0-1

[Event "VIII Iberoamericano Mexico 2022"]
[Site "Mexico City"]
[Date "2022.02.18"]
[Round "7.26"]
[White "Herrera Ortiz, Miguel"]
[Black "Ortiz Verdezoto, Anahi"]
[Result "1-0"]
[WhiteElo "2297"]
[BlackElo "2047"]
[Annotator "ChessBase"]
[PlyCount "104"]
[EventDate "2022.02.12"]
[EventType "swiss"]
[EventCountry "MEX"]
[SourceTitle "playchess.com"]
[Source "ChessBase"]
[SourceQuality "1"]
[TimeControl "5400+30"]

1. e4 {[%emt 0:02:47]} e5 {[%emt 0:00:12]} 2. Nf3 {[%emt 0:00:27]} Nc6 {[%emt 0:00:12]} 3. Bb5 {[%emt 0:00:12]} a6 4. Ba4 {[%emt 0:00:15]} Nf6 {[%emt 0:00:29]} 5. O-O {[%emt 0:00:12]} Be7 {[%emt 0:00:10]} 6. Re1 {[%emt 0:00:29]} b5 {[%emt 0:00:30]} 7. Bb3 {[%emt 0:00:12]} d6 {[%emt 0:00:07]} 8. c3 {[%emt 0:00:19]} O-O {[%emt 0:00:37]} 9. h3 {[%emt 0:00:13]} Bb7 {[%emt 0:00:40]} 10. d4 {[%emt 0:00:23]} Re8 {[%emt 0:00:46]} 11. Nbd2 {[%emt 0:00:20]} Bf8 {[%emt 0:00:31]} 12. a3 {[%emt 0:00:31]} Nb8 {[%emt 0:02:39]} 13. Ng5 {[%emt 0:03:06]} Re7 {[%emt 0:03:10]} 14. Ndf3 {[%emt 0:00:49]} exd4 15. Nxf7 {[%emt 0:10:36]} Rxf7 {[%emt 0:15:37]} 16. Ng5 {[%emt 0:00:19]} d5 {[%emt 0:02:22]} 17. e5 {[%emt 0:01:12]} Re7 {[%emt 0:04:17]} 18. exf6 {[%emt 0:04:39]} Rxe1+ {[%emt 0:00:06]} 19. Qxe1 {[%emt 0:00:14]} Qxf6 {[%emt 0:00:59]} 20. cxd4 {[%emt 0:03:15]} Qe7 {[%emt 0:08:36]} 21. Bf4 {[%emt 0:02:59]} Nd7 {[%emt 0:03:59]} 22. Qc3 {[%emt 0:12:57]} Re8 {[%emt 0:05:06]} 23. Qxc7 {[%emt 0:03:52]} Ba8 {[%emt 0:04:47]} 24. Nf3 Qf7 {[%emt 0:04:29]} 25. Bd6 {[%emt 0:07:56]} Bxd6 {[%emt 0:14:34]} 26. Qxd6 {[%emt 0:00:57]} Qe6 {[%emt 0:01:57]} 27. Qxe6+ {[%emt 0:01:10]} Rxe6 {[%emt 0:00:02]} 28. Kf1 {[%emt 0:04:36]} Nb6 29. Bc2 {[%emt 0:02:32]} g6 {[%emt 0:08:08]} 30. Bd3 {[%emt 0:03:31]} Nc4 {[%emt 0:03:06]} 31. b3 {[%emt 0:03:08]} Na5 32. Rc1 {[%emt 0:02:00]} Bc6 {[%emt 0:03:30]} 33. Ne5 {[%emt 0:01:41]} Be8 {[%emt 0:01:29]} 34. Bc2 {[%emt 0:01:30]} Nc6 {[%emt 0:02:18]} 35. Nf3 {[%emt 0:00:16]} Rf6 {[%emt 0:03:04]} 36. Re1 {[%emt 0:02:45]} Bf7 {[%emt 0:00:03]} 37. Re3 {[%emt 0:00:36]} Rf4 {[%emt 0:00:58]} 38. g3 {[%emt 0:00:34]} Rf6 {[%emt 0:00:15]} 39. Kg2 {[%emt 0:04:47]} b4 {[%emt 0:00:20]} 40. axb4 {[%emt 0:02:06]} Nxb4 {[%emt 0:00:05]} 41. Bd1 {[%emt 0:00:28]} Nc6 {[%emt 0:04:15]} 42. Be2 {[%emt 0:00:54]} Kg7 {[%emt 0:00:07]} 43. Rc3 {[%emt 0:07:46]} h6 {[%emt 0:03:53]} 44. h4 {[%emt 0:02:44]} Be8 {[%emt 0:01:39]} 45. Bxa6 {[%emt 0:01:46]} Nxd4 {[%emt 0:01:22]} 46. Rc7+ {[%emt 0:00:15]} Kf8 {[%emt 0:00:42]} 47. Nxd4 {[%emt 0:00:20]} Rxa6 {[%emt 0:00:02]} 48. Kf3 {[%emt 0:00:36]} Rb6 {[%emt 0:00:51]} 49. Ke3 {[%emt 0:01:06]} g5 {[%emt 0:00:07]} 50. hxg5 {[%emt 0:00:42]} hxg5 {[%emt 0:00:02]} 51. f3 {[%emt 0:00:35]} Bf7 {[%emt 0:01:23]} 52. Kd3 {[%emt 0:00:26]} g4 {[%emt 0:01:57]} 1-0

[Event "VIII Iberoamericano Mexico 2022"]
[Site "Mexico City"]
[Date "2022.02.18"]
[Round "7.27"]
[White "Rosales Campos, Paul"]
[Black "Sandoval Mercado, Carlos"]
[Result "1/2-1/2"]
[WhiteElo "2039"]
[BlackElo "2289"]
[Annotator "NA"]
[PlyCount "70"]
[EventDate "2022.02.12"]
[EventType "swiss"]
[EventCountry "MEX"]
[SourceTitle "playchess.com"]
[Source "ChessBase"]
[SourceQuality "1"]
[TimeControl "5400+30"]

1. e4 {[%emt 0:00:17]} c5 {[%emt 0:00:07]} 2. Nf3 {[%emt 0:00:23]} d6 {[%emt 0:00:03]} 3. d4 {[%emt 0:00:31]} cxd4 {[%emt 0:00:05]} 4. Nxd4 {[%emt 0:00:26]} Nf6 {[%emt 0:00:06]} 5. Nc3 {[%emt 0:00:29]} a6 {[%emt 0:00:50]} 6. Bc4 {[%emt 0:00:34]} e6 {[%emt 0:00:22]} 7. Bb3 {[%emt 0:00:27]} b5 {[%emt 0:03:28]} 8. Bg5 {[%emt 0:01:20]} Be7 {[%emt 0:00:27]} 9. Qf3 {[%emt 0:01:04]} Qc7 {[%emt 0:03:17]} 10. Bxf6 {[%emt 0:02:42]} Bxf6 {[%emt 0:27:49]} 11. e5 {[%emt 0:03:03]} Bxe5 {[%emt 0:00:02]} 12. Qxa8 {[%emt 0:00:39]} Bxd4 {[%emt 0:00:08]} 13. Qf3 {[%emt 0:00:56]} Bb7 {[%emt 0:05:07]} 14. Qg3 {[%emt 0:01:22]} O-O {[%emt 0:03:48]} 15. O-O-O {[%emt 0:00:43]} Nc6 {[%emt 0:14:51]} 16. Ne4 {[%emt 0:12:08]} Be5 {[%emt 0:38:00]} 17. f4 {[%emt 0:12:08]} Nd4 {[%emt 0:00:00]} 18. Rhe1 {[%emt 0:09:52]} Nxb3+ {[%emt 0:00:00]} 19. axb3 {[%emt 0:01:13]} Bxe4 {[%emt 0:00:00]} 20. Rxe4 {[%emt 0:01:06]} Bf6 {[%emt 0:00:00]} 21. Re2 {[%emt 0:06:24]} a5 {[%emt 0:00:00]} 22. Qd3 {[%emt 0:04:06]} d5 {[%emt 0:00:00]} 23. f5 {[%emt 0:05:49]} exf5 {[%emt 0:00:00]} 24. Qxb5 {[%emt 0:01:57]} d4 {[%emt 0:00:00]} 25. Re8 {[%emt 0:01:53]} g6 {[%emt 0:00:00]} 26. h3 {[%emt 0:04:23]} Rxe8 {[%emt 0:00:00]} 27. Qxe8+ {[%emt 0:00:06]} Kg7 {[%emt 0:00:00]} 28. Kb1 {[%emt 0:01:02]} h5 {[%emt 0:00:00]} 29. Qe2 {[%emt 0:01:30]} h4 {[%emt 0:00:00]} 30. Rd3 {[%emt 0:02:09]} Qf4 {[%emt 0:00:00]} 31. Rf3 {[%emt 0:03:01]} Qd6 {[%emt 0:00:00]} 32. Rd3 {[%emt 0:09:50]} Qh2 {[%emt 0:00:00]} 33. Rf3 {[%emt 0:03:47]} Qg1+ {[%emt 0:00:00]} 34. Ka2 {[%emt 0:00:50]} Qh2 {[%emt 0:00:00]} 35. Kb1 {[%emt 0:00:49]} Qg1+ {[%emt 0:00:00]} 1/2-1/2

[Event "VIII Iberoamericano Mexico 2022"]
[Site "Mexico City"]
[Date "2022.02.18"]
[Round "7.28"]
[White "Medina Diaz, Rafael Alejandro"]
[Black "Montes Orozco, Miguel Angel"]
[Result "1/2-1/2"]
[WhiteElo "2287"]
[BlackElo "1914"]
[Annotator "NA"]
[PlyCount "68"]
[EventDate "2022.02.12"]
[EventType "swiss"]
[EventCountry "MEX"]
[SourceTitle "playchess.com"]
[Source "ChessBase"]
[SourceQuality "1"]
[TimeControl "5400+30"]

1. e4 {[%emt 0:00:03]} e5 {[%emt 0:00:25]} 2. Nf3 {[%emt 0:00:08]} Nc6 {[%emt 0:00:07]} 3. Bb5 {[%emt 0:00:05]} a6 {[%emt 0:00:29]} 4. Ba4 {[%emt 0:00:06]} Nf6 {[%emt 0:00:07]} 5. O-O {[%emt 0:00:16]} b5 {[%emt 0:00:40]} 6. Bb3 {[%emt 0:00:05]} Bc5 {[%emt 0:00:43]} 7. c3 {[%emt 0:01:50]} d6 {[%emt 0:00:06]} 8. a4 {[%emt 0:02:01]} Bb7 {[%emt 0:01:11]} 9. d4 {[%emt 0:00:37]} Bb6 {[%emt 0:00:17]} 10. Re1 {[%emt 0:00:50]} O-O {[%emt 0:00:52]} 11. Bg5 {[%emt 0:01:02]} h6 {[%emt 0:01:15]} 12. Bh4 {[%emt 0:00:10]} exd4 {[%emt 0:12:36]} 13. cxd4 {[%emt 0:00:39]} g5 {[%emt 0:00:15]} 14. Bg3 {[%emt 0:04:37]} Re8 {[%emt 0:02:19]} 15. d5 {[%emt 0:12:30]} Ne5 {[%emt 0:07:31]} 16. Nd4 {[%emt 0:06:08]} Ng6 {[%emt 0:04:18]} 17. f3 {[%emt 0:06:58]} Nh5 {[%emt 0:05:28]} 18. Bf2 {[%emt 0:00:09]} Qf6 {[%emt 0:00:09]} 19. axb5 {[%emt 0:01:10]} Nhf4 {[%emt 0:01:35]} 20. Ne2 {[%emt 0:11:12]} Bxf2+ {[%emt 0:00:30]} 21. Kxf2 {[%emt 0:00:30]} Nxg2 {[%emt 0:03:15]} 22. Rf1 {[%emt 0:02:55]} N2h4 {[%emt 0:09:46]} 23. Nd2 {[%emt 0:03:37]} Rxe4 {[%emt 0:13:22]} 24. Kg1 {[%emt 0:05:09]} Re3 {[%emt 0:03:39]} 25. Nc3 {[%emt 0:03:49]} Ne5 {[%emt 0:02:33]} 26. f4 {[%emt 0:02:08]} Nd3 {[%emt 0:03:01]} 27. Nde4 {[%emt 0:07:38]} Qd4 {[%emt 0:04:13]} 28. Ra4 {[%emt 0:01:31]} Qa7 {[%emt 0:00:30]} 29. Kh1 {[%emt 0:00:30]} Nxf4 {[%emt 0:00:30]} 30. Nf6+ {[%emt 0:00:30]} Kg7 {[%emt 0:00:30]} 31. Rfxf4 {[%emt 0:00:30]} gxf4 {[%emt 0:00:30]} 32. Qg4+ {[%emt 0:00:30]} Ng6 {[%emt 0:16:46]} 33. Nh5+ {[%emt 0:13:52]} Kh7 {[%emt 0:00:53]} 34. Qf5 {[%emt 0:01:31]} Re7 {[%emt 0:01:57]} 1/2-1/2

[Event "VIII Iberoamericano Mexico 2022"]
[Site "Mexico City"]
[Date "2022.02.18"]
[Round "7.29"]
[White "Arvizu Borchardt, David Ivan"]
[Black "Martin Del Campo Cardenas, Roberto Abel"]
[Result "0-1"]
[WhiteElo "1987"]
[BlackElo "2250"]
[Annotator "NA"]
[PlyCount "70"]
[EventDate "2022.02.12"]
[EventType "swiss"]
[EventCountry "MEX"]
[SourceTitle "playchess.com"]
[Source "ChessBase"]
[SourceQuality "1"]
[TimeControl "5400+30"]

1. e4 {[%emt 0:00:30]} c5 {[%emt 0:00:47]} 2. Nf3 {[%emt 0:00:02]} d6 {[%emt 0:00:05]} 3. d4 {[%emt 0:00:04]} cxd4 {[%emt 0:00:08]} 4. Nxd4 {[%emt 0:00:04]} Nf6 {[%emt 0:00:06]} 5. Nc3 {[%emt 0:00:03]} Nc6 {[%emt 0:00:10]} 6. Bg5 {[%emt 0:00:28]} e6 {[%emt 0:00:08]} 7. Qd2 {[%emt 0:00:08]} a6 {[%emt 0:00:06]} 8. O-O-O {[%emt 0:00:35]} Bd7 {[%emt 0:00:06]} 9. f4 {[%emt 0:00:54]} b5 {[%emt 0:00:57]} 10. Bxf6 {[%emt 0:00:19]} gxf6 {[%emt 0:00:06]} 11. Kb1 {[%emt 0:03:11]} Qb6 {[%emt 0:02:31]} 12. Nxc6 {[%emt 0:09:34]} Bxc6 {[%emt 0:00:30]} 13. f5 {[%emt 0:00:43]} b4 {[%emt 0:04:26]} 14. Ne2 {[%emt 0:00:06]} e5 {[%emt 0:00:46]} 15. Ng3 {[%emt 0:00:43]} Qc5 {[%emt 0:00:44]} 16. Be2 {[%emt 0:06:27]} a5 {[%emt 0:04:47]} 17. Nh5 {[%emt 0:04:41]} Be7 {[%emt 0:00:34]} 18. Ng7+ {[%emt 0:02:31]} Kd7 {[%emt 0:01:15]} 19. Bf3 {[%emt 0:01:40]} a4 {[%emt 0:05:01]} 20. Rc1 {[%emt 0:02:51]} a3 {[%emt 0:03:02]} 21. b3 {[%emt 0:01:11]} Bf8 {[%emt 0:00:45]} 22. Nh5 {[%emt 0:02:58]} Bh6 {[%emt 0:00:44]} 23. Qd3 {[%emt 0:04:06]} Bxc1 {[%emt 0:01:34]} 24. Rxc1 {[%emt 0:00:04]} Ke7 {[%emt 0:00:21]} 25. c4 {[%emt 0:01:46]} bxc3 {[%emt 0:02:49]} 26. Rxc3 {[%emt 0:00:23]} Bb5 {[%emt 0:00:58]} 27. Qd2 {[%emt 0:01:53]} Qg1+ {[%emt 0:01:16]} 28. Rc1 {[%emt 0:00:42]} Qb6 {[%emt 0:00:14]} 29. h4 {[%emt 0:02:41]} Rac8 {[%emt 0:03:47]} 30. Rd1 {[%emt 0:04:47]} Rhg8 {[%emt 0:03:00]} 31. Qh6 {[%emt 0:04:05]} Qf2 {[%emt 0:00:45]} 32. Qxf6+ {[%emt 0:06:13]} Ke8 {[%emt 0:00:17]} 33. Qh6 {[%emt 0:40:37]} Ke7 34. Qd2 {[%emt 0:00:30]} Bd3+ 35. Ka1 {[%emt 0:00:30]} Qxd2 {[%emt 1:05:15]} 0-1

[Event "VIII Iberoamericano Mexico 2022"]
[Site "Mexico City"]
[Date "2022.02.18"]
[Round "7.30"]
[White "Fernandez Rivero, Karla July"]
[Black "Frey Beckman, Kenneth"]
[Result "0-1"]
[WhiteElo "2025"]
[BlackElo "2242"]
[Annotator "NA"]
[PlyCount "82"]
[EventDate "2022.02.12"]
[EventType "swiss"]
[EventCountry "MEX"]
[SourceTitle "playchess.com"]
[Source "ChessBase"]
[SourceQuality "1"]
[TimeControl "5400+30"]

1. d4 {[%emt 0:00:06]} Nf6 {[%emt 0:00:08]} 2. c4 {[%emt 0:00:22]} e6 {[%emt 0:00:10]} 3. Nf3 {[%emt 0:00:22]} d5 {[%emt 0:00:23]} 4. g3 {[%emt 0:00:26]} Bb4+ {[%emt 0:00:14]} 5. Bd2 {[%emt 0:00:52]} Be7 {[%emt 0:00:15]} 6. Qc2 {[%emt 0:01:16]} O-O {[%emt 0:00:45]} 7. Bg2 {[%emt 0:00:24]} c6 {[%emt 0:00:28]} 8. O-O {[%emt 0:01:23]} b6 {[%emt 0:00:15]} 9. b3 {[%emt 0:01:49]} a5 {[%emt 0:01:08]} 10. Rc1 {[%emt 0:03:10]} Ba6 {[%emt 0:01:26]} 11. Bf4 {[%emt 0:04:56]} Nh5 {[%emt 0:00:34]} 12. Bd2 {[%emt 0:03:36]} Nd7 {[%emt 0:05:21]} 13. a4 {[%emt 0:07:25]} Nhf6 {[%emt 0:03:52]} 14. Be1 {[%emt 0:01:16]} Rc8 {[%emt 0:00:43]} 15. Nbd2 {[%emt 0:01:04]} c5 {[%emt 0:00:35]} 16. e3 {[%emt 0:01:09]} cxd4 {[%emt 0:09:44]} 17. exd4 {[%emt 0:04:10]} Bb4 {[%emt 0:05:48]} 18. Qb2 {[%emt 0:05:02]} Qe7 {[%emt 0:04:16]} 19. Bf1 {[%emt 0:11:43]} Bb7 {[%emt 0:03:36]} 20. Bg2 {[%emt 0:06:40]} Ba8 {[%emt 0:12:42]} 21. Nf1 {[%emt 0:02:41]} Bxe1 {[%emt 0:17:07]} 22. Nxe1 {[%emt 0:01:15]} e5 {[%emt 0:00:19]} 23. Ne3 {[%emt 0:06:26]} exd4 {[%emt 0:00:23]} 24. Qxd4 {[%emt 0:05:11]} Qc5 {[%emt 0:03:29]} 25. Qf4 {[%emt 0:03:17]} dxc4 {[%emt 0:03:20]} 26. Bxa8 {[%emt 0:03:54]} Rxa8 {[%emt 0:00:11]} 27. Nd3 {[%emt 0:01:56]} cxd3 {[%emt 0:05:30]} 28. Rxc5 {[%emt 0:00:09]} Nxc5 {[%emt 0:00:07]} 29. Rb1 {[%emt 0:09:45]} Rfd8 {[%emt 0:02:19]} 30. Qf3 {[%emt 0:04:21]} Nfe4 {[%emt 0:02:32]} 31. Qg4 {[%emt 0:03:15]} Nc3 {[%emt 0:03:32]} 32. Rf1 {[%emt 0:00:41]} Rd4 {[%emt 0:04:32]} 33. Qg5 {[%emt 0:01:52]} Rad8 {[%emt 0:03:19]} 34. h4 {[%emt 0:01:46]} d2 {[%emt 0:00:58]} 35. Nd1 {[%emt 0:02:08]} h6 {[%emt 0:01:14]} 36. Qe3 {[%emt 0:00:26]} Nxd1 {[%emt 0:00:26]} 37. Rxd1 {[%emt 0:00:05]} Rd3 {[%emt 0:00:18]} 38. Qe5 {[%emt 0:01:29]} Rxb3 {[%emt 0:00:56]} 39. Qc7 {[%emt 0:00:47]} Rbd3 {[%emt 0:00:10]} 40. Qxb6 {[%emt 0:00:25]} Nxa4 {[%emt 0:00:09]} 41. Qxa5 {[%emt 0:00:42]} Nb2 {[%emt 0:00:09]} 0-1

[Event "VIII Iberoamericano Mexico 2022"]
[Site "Mexico City"]
[Date "2022.02.18"]
[Round "7.31"]
[White "Blanco Fernandez, Alvaro"]
[Black "Encinas Varela, David"]
[Result "1/2-1/2"]
[WhiteElo "2216"]
[BlackElo "1862"]
[Annotator "NA"]
[PlyCount "131"]
[EventDate "2022.02.12"]
[EventType "swiss"]
[EventCountry "MEX"]
[SourceTitle "playchess.com"]
[Source "ChessBase"]
[SourceQuality "1"]
[TimeControl "5400+30"]

1. d4 {[%emt 1:31:00]} Nf6 {[%emt 0:00:11]} 2. c4 {[%emt 0:00:00]} g6 {[%emt 0:00:08]} 3. Nc3 {[%emt 0:00:00]} Bg7 {[%emt 0:00:36]} 4. e4 {[%emt 0:00:00]} d6 {[%emt 0:00:01]} 5. Be2 {[%emt 0:00:00]} O-O {[%emt 0:00:07]} 6. Be3 {[%emt 0:00:00]} Nc6 {[%emt 0:00:47]} 7. Nf3 {[%emt 0:00:00]} e5 {[%emt 0:00:24]} 8. d5 {[%emt 0:00:00]} Ne7 {[%emt 0:00:12]} 9. Nd2 {[%emt 0:00:00]} Nd7 {[%emt 0:02:19]} 10. Qc2 {[%emt 0:00:00]} f5 {[%emt 0:00:49]} 11. f3 {[%emt 0:00:00]} b6 {[%emt 0:05:06]} 12. O-O-O {[%emt 0:00:00]} a5 {[%emt 0:00:46]} 13. Kb1 {[%emt 0:00:00]} Nc5 {[%emt 0:00:21]} 14. Nb3 {[%emt 0:00:00]} Bd7 {[%emt 0:01:05]} 15. Nxc5 {[%emt 0:00:00]} bxc5 {[%emt 0:00:28]} 16. a4 {[%emt 0:00:00]} Nc8 {[%emt 0:11:20]} 17. Nb5 {[%emt 0:00:00]} Nb6 {[%emt 0:00:14]} 18. b3 {[%emt 0:00:00]} Be8 {[%emt 0:07:56]} 19. Bd3 {[%emt 0:00:00]} Nd7 {[%emt 0:02:41]} 20. g4 {[%emt 0:00:00]} f4 {[%emt 0:18:41]} 21. Bf2 {[%emt 0:00:00]} Nb8 {[%emt 0:00:26]} 22. Bf1 {[%emt 0:00:00]} Na6 {[%emt 0:02:14]} 23. h4 {[%emt 0:00:00]} Nb4 {[%emt 0:02:55]} 24. Qe2 {[%emt 0:00:00]} Bxb5 {[%emt 0:03:56]} 25. cxb5 {[%emt 0:00:00]} h6 {[%emt 0:00:06]} 26. g5 {[%emt 0:00:00]} h5 {[%emt 0:00:31]} 27. Bh3 {[%emt 0:00:00]} Re8 {[%emt 0:10:03]} 28. Kb2 {[%emt 0:00:00]} Rb8 {[%emt 0:06:26]} 29. Qc4 {[%emt 0:00:00]} Kh7 {[%emt 0:00:47]} 30. Ra1 {[%emt 0:00:00]} Rb7 {[%emt 0:13:42]} 31. Rhc1 {[%emt 0:00:00]} Qb8 {[%emt 0:00:47]} 32. Be1 {[%emt 0:00:00]} Qa7 {[%emt 0:01:18]} 33. Bc3 {[%emt 0:00:00]} Re7 {[%emt 0:00:36]} 34. Rd1 {[%emt 0:00:00]} Bf8 {[%emt 0:01:19]} 35. Rd2 {[%emt 0:00:00]} Rg7 {[%emt 0:00:37]} 36. Qf1 {[%emt 0:00:00]} Re7 {[%emt 0:01:00]} 37. Rc1 {[%emt 0:00:00]} Rb8 {[%emt 0:00:09]} 38. Be6 {[%emt 0:00:00]} Ra8 {[%emt 0:00:48]} 39. Qh3 {[%emt 0:00:00]} Bg7 {[%emt 0:00:19]} 40. Bf5 {[%emt 0:00:00]} Rf8 {[%emt 0:00:07]} 41. Be6 {[%emt 0:00:00]} Qb6 {[%emt 0:00:22]} 42. Qg2 {[%emt 0:00:00]} c6 {[%emt 0:01:55]} 43. Bxb4 {[%emt 0:00:00]} cxb5 {[%emt 0:00:08]} 44. Ba3 {[%emt 0:00:00]} b4 {[%emt 0:00:05]} 45. Rc4 {[%emt 0:00:00]} bxa3+ {[%emt 0:00:05]} 46. Kxa3 {[%emt 0:00:00]} Rb8 {[%emt 0:00:24]} 47. Rb2 {[%emt 0:00:00]} Reb7 {[%emt 0:00:08]} 48. Qc2 {[%emt 0:00:00]} Qd8 {[%emt 0:01:26]} 49. Bh3 Rb4 {[%emt 0:00:23]} 50. Rxb4 {[%emt 0:00:00]} Rxb4 {[%emt 0:00:04]} 51. Bf1 {[%emt 0:00:00]} Qb8 {[%emt 0:01:24]} 52. Qg2 {[%emt 0:00:00]} Rd4 {[%emt 0:03:35]} 53. Bb5 {[%emt 0:00:00]} Qb6 {[%emt 0:00:12]} 54. Rc2 {[%emt 0:00:00]} Rd1 {[%emt 0:01:29]} 55. Rc4 {[%emt 0:00:00]} Rd3 {[%emt 0:00:40]} 56. Qh3 {[%emt 0:00:00]} Re3 {[%emt 0:00:28]} 57. Ka2 {[%emt 0:00:00]} Re2+ {[%emt 0:00:17]} 58. Kb1 {[%emt 0:00:00]} Re1+ {[%emt 0:00:07]} 59. Kc2 {[%emt 0:00:00]} Re2+ {[%emt 0:00:10]} 60. Kc1 {[%emt 0:00:00]} Re3 {[%emt 0:00:07]} 61. Kc2 {[%emt 0:00:00]} Re2+ {[%emt 0:00:03]} 62. Kc1 {[%emt 0:00:00]} Re3 {[%emt 0:00:04]} 63. Kb2 {[%emt 0:00:00]} Re2+ {[%emt 0:00:04]} 64. Ka3 {[%emt 0:00:00]} Re3 {[%emt 0:00:27]} 65. Kb2 {[%emt 0:00:00]} Re2+ {[%emt 0:00:03]} 66. Kc1 {[%emt 0:00:00]} 1/2-1/2

[Event "VIII Iberoamericano Mexico 2022"]
[Site "Mexico City"]
[Date "2022.02.18"]
[Round "7.32"]
[White "Chinchilla Miranda, Eugenio"]
[Black "Torres Rivas, Felipe de Jesus"]
[Result "1-0"]
[WhiteElo "2193"]
[BlackElo "1845"]
[Annotator "NA"]
[PlyCount "87"]
[EventDate "2022.02.12"]
[EventType "swiss"]
[EventCountry "MEX"]
[SourceTitle "playchess.com"]
[Source "ChessBase"]
[SourceQuality "1"]
[TimeControl "5400+30"]

1. d4 {[%emt 0:00:03]} d5 {[%emt 0:18:26]} 2. c4 {[%emt 0:00:12]} e6 {[%emt 0:00:11]} 3. Nc3 {[%emt 0:00:11]} Nf6 {[%emt 0:00:09]} 4. Nf3 {[%emt 0:00:27]} Be7 {[%emt 0:00:42]} 5. Bf4 {[%emt 0:00:08]} O-O {[%emt 0:00:46]} 6. Rc1 {[%emt 0:00:12]} c6 {[%emt 0:02:08]} 7. e3 {[%emt 0:00:12]} Nbd7 {[%emt 0:00:15]} 8. h3 {[%emt 0:00:24]} Ne4 {[%emt 0:01:09]} 9. cxd5 {[%emt 0:04:36]} exd5 {[%emt 0:00:08]} 10. Nxe4 {[%emt 0:02:19]} dxe4 {[%emt 0:00:05]} 11. Nd2 {[%emt 0:00:21]} Nf6 {[%emt 0:00:51]} 12. Bc4 {[%emt 0:02:28]} Bf5 {[%emt 0:06:00]} 13. O-O {[%emt 0:04:05]} Nd5 {[%emt 0:00:53]} 14. Bh2 {[%emt 0:03:42]} Bd6 {[%emt 0:02:25]} 15. Qb3 {[%emt 0:06:07]} Bxh2+ {[%emt 0:00:21]} 16. Kxh2 {[%emt 0:00:05]} Qd6+ {[%emt 0:00:49]} 17. Kg1 {[%emt 0:01:19]} Nb6 {[%emt 0:21:16]} 18. a4 {[%emt 0:07:45]} Qg6 {[%emt 0:00:41]} 19. Kh2 {[%emt 0:00:27]} Qd6+ {[%emt 0:00:21]} 20. Kh1 {[%emt 0:01:08]} Qh6 {[%emt 0:00:22]} 21. Rfd1 {[%emt 0:02:22]} Qh4 {[%emt 0:09:13]} 22. a5 {[%emt 0:05:10]} Nxc4 {[%emt 0:00:29]} 23. Nxc4 {[%emt 0:03:03]} Rae8 {[%emt 0:05:05]} 24. d5 {[%emt 0:15:24]} Bxh3 {[%emt 0:13:07]} 25. gxh3 {[%emt 0:03:28]} cxd5 {[%emt 0:00:04]} 26. Rxd5 {[%emt 0:00:42]} Re6 {[%emt 0:00:19]} 27. Rd6 {[%emt 0:01:44]} Rxd6 {[%emt 0:13:02]} 28. Nxd6 {[%emt 0:01:31]} Qxh3+ {[%emt 0:02:02]} 29. Kg1 {[%emt 0:00:03]} Qg4+ {[%emt 0:00:05]} 30. Kf1 {[%emt 0:00:23]} Qf3 {[%emt 0:00:04]} 31. Qc4 {[%emt 0:02:12]} Qh1+ {[%emt 0:00:47]} 32. Ke2 {[%emt 0:00:01]} Qh5+ {[%emt 0:00:06]} 33. Ke1 {[%emt 0:01:27]} Qxa5+ {[%emt 0:03:41]} 34. b4 {[%emt 0:00:03]} Qb6 {[%emt 0:00:27]} 35. Nxe4 {[%emt 0:00:24]} h5 {[%emt 0:00:28]} 36. Ng5 {[%emt 0:01:48]} Qg6 {[%emt 0:00:32]} 37. f4 {[%emt 0:01:13]} h4 {[%emt 0:00:36]} 38. Qc2 {[%emt 0:03:27]} Qh6 {[%emt 0:00:52]} 39. Qf5 {[%emt 0:00:32]} g6 {[%emt 0:00:29]} 40. Qg4 {[%emt 0:02:28]} Re8 {[%emt 0:00:27]} 41. Rc8 {[%emt 0:00:30]} Qf8 {[%emt 0:00:27]} 42. Qxh4 {[%emt 0:06:13]} Qxb4+ {[%emt 0:00:13]} 43. Ke2 {[%emt 0:21:41]} Qb5+ 44. Kf2 {[%emt 0:00:30]} 1-0